Edie (Record no. 119841)

MARC details
000 -LEADER
fixed length control field 00767cam a2200205 4500
001 - CONTROL NUMBER
control field WS114145
008 - FIXED-LENGTH DATA ELEMENTS--GENERAL INFORMATION
fixed length control field 010815n 000 0 eng u
035 ## - SYSTEM CONTROL NUMBER
System control number (Sirsi) u114145
245 ## - TITLE STATEMENT
Title Edie
520 ## - SUMMARY, ETC.
Summary, etc. Web site which describes itself as 'the online community for water, waste and environmental professionals'. Includes news, job adverts, directories of products and services, expert advice, discussion forums, an events diary and software guide.
650 ## - SUBJECT ADDED ENTRY--TOPICAL TERM
Topical term or geographic name entry element WASTE MANAGEMENT
650 ## - SUBJECT ADDED ENTRY--TOPICAL TERM
Topical term or geographic name entry element NEWS
650 ## - SUBJECT ADDED ENTRY--TOPICAL TERM
Topical term or geographic name entry element WATER
650 ## - SUBJECT ADDED ENTRY--TOPICAL TERM
Topical term or geographic name entry element JOB ADVERTISEMENTS
650 ## - SUBJECT ADDED ENTRY--TOPICAL TERM
Topical term or geographic name entry element SOFTWARE
650 ## - SUBJECT ADDED ENTRY--TOPICAL TERM
Topical term or geographic name entry element DISCUSSION FORUM
690 ## - LOCAL SUBJECT ADDED ENTRY--TOPICAL TERM (OCLC, RLIN)
Topical term or geographic name as entry element ENVIRONMENTAL AND LAND CONSULTANCY
856 40 - ELECTRONIC LOCATION AND ACCESS
Uniform Resource Identifier <a href="https://www.edie.net">https://www.edie.net</a>
Public note View the website free of charge at www.edie.net...
942 ## - ADDED ENTRY ELEMENTS (KOHA)
Suppress in OPAC 0
Holdings
Withdrawn status Lost status Source of classification or shelving scheme Damaged status Not for loan Home library Current library Shelving location Date acquired Total Checkouts Full call number Barcode Date last seen Copy number Price effective from Koha item type
    Dewey Decimal Classification     Virtual Virtual Online 15/08/2001   WEB SITE 114145-2001 06/08/2019 1 06/08/2019 Online material